000 00607nam a22001937a 4500
005 20220921171017.0
008 220921b ||||| |||| 00| 0 eng d
040 _cAL
041 _aEnglish
082 _223
_a331.880954
_bHINR
100 _aHind Mazdoor Sabha
_958149
245 _aReport of the Eighth Annual Convention Delhi February19-24 1960
260 _aBombay
_bHind Mazdoor Sabha Publication
_c1960
300 _a108 p.
_bPB
_c21.5x14 cm.
650 _aReport of thew Eighth Annual Convention
_958150
650 _aTrade Union
_958151
700 _aHIND MAZDOOR SABHA
_958152
942 _2ddc
_cGF
999 _c224634
_d224634